000 00717cab a22002055a 4500
001 L156861
008 120723e20120203xxkd f 000 0 eng d
035 _a(Sirsi) u156861
041 0 _aeng
100 1 _aLane, Thomas
245 0 0 _aBIM
_bthe inside story one year on
260 _c2012
490 0 _aBuilding
_v277 (8737) 20 July 2012, 32-37(6)
520 _aLooks at progress on the Manchester Central Library refurbishment project which commenced July 2011 and was to use BIM from start to finish. Views from the client, the contractor, the QS, the design team and the specialist.
590 _aKA
651 4 _aUnited Kingdom
_y
690 _aBIM
_96219
690 _aProject management
_96261
942 _n0
999 _c84183
_d84183